| 000 | 00535 a2200169 4500 | ||
|---|---|---|---|
| 999 |
_c29319 _d29319 |
||
| 003 | NUST | ||
| 005 | 20180118143617.0 | ||
| 008 | 180118b xxu||||| |||| 00| 0 eng d | ||
| 020 | _a8171419682 | ||
| 020 | _a9788171419685 | ||
| 082 | _a517.3 | ||
| 100 |
_aSharma,A. K _98820 |
||
| 245 | 0 | 0 |
_aText book of integral calculus. _cA. K. Sharma |
| 260 |
_a[S.l.] : _bDiscovery Publishing House, _c2007 |
||
| 300 | _a1 v. (unpaged) | ||
| 700 |
_aSharma,A. K _98820 |
||
| 942 |
_aSNS _cBK _k517.3 SHA _2ddc |
||